Statystyki dla Kanye West-wszystkie piosenki(2023)

Kliknij tutaj aby rozwiązać quiz!

Ogólne statystyki

  • Ten quiz został rozwiązany 71 razy
  • Średni wynik to 43 z 176

Statystyki odpowiedzi

all songs% Poprawnych
Runaway
74%
I Wonder
72%
Stronger
67%
Bound 2
59%
Can't Tell Me Nothing
59%
Heartless
59%
All Falls Down
56%
Donda
56%
Good Morning
56%
Homecoming
56%
Flashing Lights
54%
Gold Digger
54%
Power
54%
Famous
51%
Monster
51%
All of the Lights
49%
Devil in a New Dress
49%
Black Skinhead
46%
Drunk and Hot Girls
46%
New Slaves
46%
Niggas in Paris
46%
Pt. 2
46%
Champion
44%
Dark Fantasy
44%
Gorgeous
44%
Through The Wire
44%
Barry Bonds
41%
Father Stretch My Hands pt.1
41%
Ghost Town
41%
Good Life
41%
Good Night
41%
Jesus Walks
41%
On Sight
41%
Blood on the Leaves
38%
Everything I Am
38%
I Am a God
38%
Paranoid
38%
Big Brother
36%
Hell of a Life
36%
Hold My Liquor
36%
Off the Grid
36%
Praise God
36%
Spaceship
36%
The Glory
36%
The New Workout Plan
36%
We Don't Care
36%
Diamonds From Sierra Leone
33%
Family Business
33%
Hurricane
33%
Last Call
33%
Slow Jamz
33%
Touch The Sky
33%
Wolves
33%
Amazing
31%
Blame Game
31%
Guilt Trip
31%
Hey Mama
31%
Love Lockdown
31%
Pinocchio Story
31%
Street Lights
31%
Violent Crimes
31%
Vultures
31%
Welcome to Heartbreak
31%
All Mine
28%
i thought about killing you
28%
Never Let Me Down
28%
Otis
28%
School Spirit
28%
So Appalled
28%
Two Words
28%
Waves
28%
Workout Plan
28%
Yikes
28%
God Is
26%
Lost in the World
26%
No Church in the Wild
26%
RoboCop
26%
Roses
26%
Ultralight Beam
26%
who will survive in america
26%
Why I Love You
26%
Coldest Winter
23%
Drive Slow
23%
Follow God
23%
Heard 'em Say
23%
Jail
23%
Moon
23%
No Mistakes
23%
Graduation Day
21%
I'm in It
21%
Lil Jimmy Skit
21%
Say You Will
21%
Wouldn’t Leave
21%
Addiction
18%
Bad News
18%
Believe What I Say
18%
Breathe In Breathe Out
18%
Donda Chant
18%
Get Em High
18%
I Love Kanye
18%
intro
18%
Jesus Is Lord
18%
New Day
18%
See You in My Nightmare
18%
Send It Up
18%
Water
18%
We Major
18%
24
15%
Bring Me Down
15%
Every Hour
15%
Gotta Have It
15%
Highlights
15%
I'll Fly Away
15%
Jail Pt 2
15%
Jesus Lord
15%
Junya
15%
Late
15%
Lift Off
15%
Real Friends
15%
Remote Control
15%
Use This Gospel
15%
Wake Up Mr. West
15%
Who Gon Stop Me
15%
Come to Life
13%
Gone
13%
Hands On
13%
Junya, Pt. 2
13%
Murder to Excellence
13%
Ok Ok
13%
Ok Ok, Pt. 2
13%
On God
13%
School Spirit Skit 2
13%
Selah
13%
That's My Bitch
13%
Welcome to the Jungle
13%
Celebration
10%
Closed on Sunday
10%
Everything We Need
10%
Fade
10%
God Breathed
10%
Jonah
10%
Made in America
10%
My Way Home
10%
New Again
10%
No Child Left Behind
10%
Pure Souls
10%
School Spirit Skit 1
10%
Bittersweet Poetry
8%
Crack Music
8%
Everybody
8%
Heaven and Hell
8%
Jesus Lord, Pt. 2
8%
Keep My Spirit Alive
8%
Tell the Vision
8%
Lord I Need You
5%
New Body
5%
Paid
5%
River
5%
Slide
5%
Back 2 Me
3%
Beg For Forgiveness
3%
Lifestyle
3%
So Good
3%
Timbo Freestyle
3%
Worship
3%
You Don't Want
3%
Forever Rollin'
0%
Fuk Sunn
0%
Gun To My Head
0%
Once Again
0%
Promotion
0%
Skit No.1
0%
Skit No.2
0%
Skit No.3
0%
Skit No.4
0%
Time Moves Slow
0%

Rozkład punktacji

Percentyl według liczby udzielonych odpowiedzi

Procent ludzi z każdym wynikiem

Twoja historia wyników

Nie rozwiązałeś tego quizu